00370nam a22001337a 4500020001800000040000900018082001500027100001800042245004700060250001300107260004200120300004000162700003400202 a9780191082559 cNUST a541.3bATK aAtkins, Peter aAtkins' Physical Chemistry /cPeter Atkins a11th Ed. aUK :bOxford University Press,c2014. axxvii, 908p. ;bHardbinidingc23cm. aJulio de Paula & James Keeler